Hodnocení slouží životu, nepatří do šuplíku

Ako a prečo hodnotiť pracovné chovanie. Typy hodnotenia, ich spoločný menovateľ.

Gespeichert in:
Bibliographische Detailangaben
1. Verfasser: Krupičková, Ivana
Format: Buchkapitel
Sprache:Tschechisch
Schlagworte:
Tags: Tag hinzufügen
Keine Tags, Fügen Sie das erste Tag hinzu!

MARC

LEADER 00000naa$a2200000$$$4500
001 0095634
005 20231019115002.2
041 0 |a cze 
044 |a CZ 
245 1 0 |a Hodnocení slouží životu, nepatří do šuplíku  |c Ivana Krupičková 
520 |a Ako a prečo hodnotiť pracovné chovanie. Typy hodnotenia, ich spoločný menovateľ. 
610 2 0 |a hodnotenie pracovníkov 
610 2 0 |a motivácia pracovná 
100 1 |a Krupičková, Ivana